|
|
|
|
| LEADER |
00000cam a2200000 7i4500 |
| 001 |
0000003906 |
| 005 |
20110908.0 |
| 020 |
0 |
0 |
|a 9789834418137
|
| 090 |
0 |
0 |
|a 333.9516
|b BIO 2008
|
| 245 |
0 |
0 |
|a Biodiversity resources and conservation status in Peninsular Malaysia
|
| 260 |
0 |
0 |
|a Kuala Lumpur :
|b Department of Wildlife and National Park ,
|c c2008.
|
| 300 |
|
|
|a vii, 205 p. :
|b ill. ;
|c 25 cm.
|
| 500 |
0 |
0 |
|a Includes reference
|
| 650 |
0 |
0 |
|a Biodiversity---Resources---Peninsular Malaysia
|
| 650 |
0 |
0 |
|a National Biodiversity Seminar
|
| 998 |
|
|
|a JPSM
|
| 999 |
|
|
|a 007677
|b Monograph
|c Open Shelf
|e Default branch
|